Leader xxxxxxxxxx
001 __ PCLIS00048821
005 __ 20220613090558.0
010 0_ |a978-957-444-987-3|b平裝|dNT$400
100 __ |a20150417d2015 m y0chiy09 e
101 0_ |achi
102 __ |atw
105 __ |ac z 000cd
200 1_ |a九歌...散文選|h一○三年|f阿盛主編
205 __ |a初版
210 __ |a臺北市|c九歌|d2015[民104]
215 0_ |a446面|c像|d21公分
225 1_ |a九歌文庫|v1183
300 __ |a版權頁及封面英文題名: Collected essays 2014
300 __ |a主編阿盛本名楊敏盛
300 __ |a作者號取自題名
300 __ |a附錄: 一○三年年度散文紀事 / 杜秀卿
410 _0 |12001 |a九歌文庫|v1183
500 11 |a九歌散文選|m中文
517 1_ |a九歌一○三|e散文選|zchi
517 1_ |a九歌103年 散文選|zchi
512 11 |a散文選|e九歌一○三年 散文選|zchi
517 1_ |aCollected essays 2014|zeng
517 1_ |a九歌一○三年 散文選|zchi
517 1_ |a九歌103年散文選|zchi
606 __ |2cst|a散文
681 __ |a855|b8677
681 __ |a855|b8694
700 _1 |a楊|b敏盛|f1950- |4主編
801 _0 |atw|b內湖高中|c20140417|gCCR
801 _2 |atw|b內湖高中|c20220613|gCCR
|